Подробности
| 000 -МАРКЕР |
| контрольное поле |
02323nam2a2200325 4500 |
| 001 - ИДЕНТИФИКАТОР ЗАПИСИ |
| контрольное поле |
RU\NLR\BIBL_A\011596528 |
| 005 - ИДЕНТИФИКАТОР ВЕРСИИ |
| контрольное поле |
20260405223908.0 |
| 021 ## - НОМЕР ГОСУДАРСТВЕННОЙ РЕГИСТРАЦИИ |
| Код страны |
Российская Федерация |
| Номер |
2017-96519 |
| Номер Листа государственной регистраци |
6941 |
| 035 ## - ДРУГИЕ СИСТЕМНЫЕ НОМЕРА |
| Идентификатор записи |
(RuMoRGB)009488628 |
| 035 ## - ДРУГИЕ СИСТЕМНЫЕ НОМЕРА |
| Идентификатор записи |
(NLR Aleph) 011596528 |
| 100 ## - ДАННЫЕ ОБЩЕЙ ОБРАБОТКИ |
| Данные общей обработки |
20180117d2017 |||y0rusy50 ca |
| 101 0# - ЯЗЫК РЕСУРСА |
| Язык текста, звукозаписи и т.д. |
русский |
| Язык резюме |
английский |
| 102 ## - СТРАНА ПУБЛИКАЦИИ ИЛИ ПРОИЗВОДСТВА |
| Страна публикации |
Российская Федерация |
| 105 ## - ПОЛЕ КОДИРОВАННЫХ ДАННЫХ: ТЕКСТОВЫЕ МАТЕРИАЛЫ, МОНОГРАФИЧЕСКИЕ |
| Кодированные данные о монографическом текстовом документе |
ab z 000zy |
| 200 1# - ЗАГЛАВИЕ И СВЕДЕНИЯ ОБ ОТВЕТСТВЕННОСТИ |
| Основное заглавие |
Двадцать третий ежегодный демографический доклад |
| Первые сведения об ответственности |
[канд. экон. наук Е.М. Щербакова, канд. экон. наук В.А. Козлов, С.А. Васин и др.] |
| Последующие сведения об ответственности |
ответственный редактор: С.В. Захаров |
| -- |
Высшая школа экономики Национальный исследовательский университет, Институт демографии, |
| 210 ## - ПУБЛИКАЦИЯ, РАСПРОСТРАНЕНИЕ И ДР. |
| Дата издания, распространения и т.д. |
2017 |
| Место издания, распространения и т.д. |
Б. м. |
| 215 ## - ФИЗИЧЕСКАЯ ХАРАКТЕРИСТИКА |
| Специфическое обозначение материала и объем |
359, [1] с. |
| Другие сведения о физической характеристике |
ил., карт., табл. |
| 300 ## - ОБЩИЕ ПРИМЕЧАНИЯ |
| Текст примечания |
Авт. указаны на 8-й с. |
| 300 ## - ОБЩИЕ ПРИМЕЧАНИЯ |
| Текст примечания |
Рез. англ. |
| 461 #0 - УРОВЕНЬ НАБОРА |
| Встроенное поле |
001RU\NLR\bibl\952961 |
| -- |
2001#$aНаселение России$fИн-т народнохоз. прогнозирования РАН, Центр демографии и экологии человека$gОтв. ред. А.Г. Вишневский$v2015 |
| Системный номер (АБИС) связанной записи |
220070 |
| Место публикации |
Москва |
| Дата публикации |
2000 |
| Первые сведения об ответственности |
Ин-т народнохоз. прогнозирования РАН, Центр демографии и экологии человека |
| Имя издателя, распространителя и т.д. |
Университет |
| Заглавие |
Население России |
| Номер тома |
2015 |
| 701 #1 - ИМЯ ЛИЦА - АЛЬТЕРНАТИВНАЯ ОТВЕТСТВЕННОСТЬ |
| Графика поля |
Кириллица |
| Материалы, к которым относится поле |
rus |
| Начальный элемент ввода |
Щербакова |
| Часть имени, кроме начального элемента ввода |
Е. М. |
| Дополнения к именам, кроме дат |
канд. экон. наук |
| Расширение инициалов личного имени |
Екатерина Михайловна |
| Системный номер авторитетной/нормативной записи |
183752 |
| Идентификатор авторитетной/нормативной записи |
RU\NLR\AUTH\770183803 |
| 701 #1 - ИМЯ ЛИЦА - АЛЬТЕРНАТИВНАЯ ОТВЕТСТВЕННОСТЬ |
| Материалы, к которым относится поле |
rus |
| Графика поля |
Кириллица |
| Начальный элемент ввода |
Козлов |
| Часть имени, кроме начального элемента ввода |
В. А. |
| Дополнения к именам, кроме дат |
канд. экон. наук, демография |
| Даты |
1986- |
| Расширение инициалов личного имени |
Владимир Александрович |
| Идентификатор авторитетной/нормативной записи |
RU\NLR\AUTH\77102035 |
| Системный номер авторитетной/нормативной записи |
84961 |
| 701 #1 - ИМЯ ЛИЦА - АЛЬТЕРНАТИВНАЯ ОТВЕТСТВЕННОСТЬ |
| Графика поля |
Кириллица |
| Материалы, к которым относится поле |
rus |
| Начальный элемент ввода |
Васин |
| Часть имени, кроме начального элемента ввода |
С. А. |
| Дополнения к именам, кроме дат |
демограф |
| Расширение инициалов личного имени |
Сергей Алексеевич |
| Системный номер авторитетной/нормативной записи |
169256 |
| Идентификатор авторитетной/нормативной записи |
RU\NLR\AUTH\770169306 |
| 702 #1 - ИМЯ ЛИЦА - ВТОРИЧНАЯ ОТВЕТСТВЕННОСТЬ |
| Код отношения |
Редактор |
| Начальный элемент ввода |
Захаров |
| Часть имени, кроме начального элемента ввода |
С. В. |
| Дополнения к именам, кроме дат |
канд. экон. наук, демография |
| Даты |
1959- |
| Расширение инициалов личного имени |
Сергей Владимирович |
| Системный номер авторитетной/нормативной записи |
157715 |
| Идентификатор авторитетной/нормативной записи |
RU\NLR\AUTH\770157755 |
| 852 ## - МЕСТОНАХОЖДЕНИЕ И ШИФР ХРАНЕНИЯ |
| Идентификатор организации |
NLR |
| Шифр хранения (Call Number) |
2002-3/11576 |
| 942 ## - ДОПОЛНИТЕЛЬНЫЕ ЭЛЕМЕНТЫ ЗАПИСИ (АБИС) |
| Тип экземпляра АБИС |
Книга |
| 980 ## - КОЛЛЕКЦИЯ |
| Название коллекции |
Национальная библиография |